00601pam a2200181 i 4500020001500000082003100015100002200046245009700068250001200165260003500177300003500212500006800247526003700315650001700352650000800369650002000377700002200397 a002413870300a624.15136bSOWcL-26, P-831 aSowers, George F.10aIntroductory soil mechanics and foundations :bgeotechnical engineering /cGeorge F. Sowers. a4th ed. aNew York :bMacmillan,cc1979. axvii, 621 p. :bill. ;c24 cm. aThird ed., published in 1970, by G. B. Sowers and G. F. Sowers. a0b0c0d624_151360000000000_SOW 0aFoundations. 0aMCE 0aSoil mechanics.1 aSowers, George B.